LEADER 00927nam0 2200301 450 001 000001788 005 20091117122107.0 010 $a0-08-028728-X 100 $a20000926d1983----km-y0itay50------ba 101 0 $aeng 102 $aGB 200 1 $aIntroductory dynamical oceanography$fby Stephen Pond, George L. Pickard 205 $a2. ed. 210 $aOxford$cPergamon Press$d1983$hristampa 1986 215 $aXX, 329 p.$cill.$d23 cm 307 $aSeguono: appendici 610 1 $aOceanografia 610 1 $aIdrodinamica 676 $a551.46 700 1$aPond,$bStephen$0630035 701 1$aPickard,$bGeorge L.$0602907 801 0$aIT$bUNIPARTHENOPE$gRICA$2UNIMARC 912 $a000001788 951 $cPIST$aP1 551-I/1$b28924$d20001006 951 $cPIST$aP1 551-I/4$b29035$d20001006 951 $aDISAM 551.47/24$bM 147$cDISAM$d2009 996 $aIntroductory dynamical oceanography$91223211 997 $aUNIPARTHENOPE